00469nam a2200145Ia 4500003000900000008004100009020002600050020002900076040001600105100002200121245006200143260003200205300002000237856006600257IN-BaIIA211028s9999 xx s 000 0 eng d a9781510619456 (Print) a9781510619463  (Online) cIIA Library aAsimellis, George 0aGeometrical Optics: Lectures in Optics, Volume 2h[eBook] aWashington, USAbSPIEc2020 aOnline resource uhttps://doi.org/10.1117/3.2506310yClick Here to Access eBook